000 00591nam a2200169 4500
001 126342
003 ES-MaACL
005 20230906192813.0
007 t|
008 070214s1969 sp r ||||1| spa d
100 1 _aRenard, Alexandre.
_996172
245 1 3 _aEl espíritu del Concilio
_b: apertura de la Iglesia al mundo /
_ctexto y comentario, Cardenal A. C. Renard ; [traducción por José María Bernáldez Montalvo].
260 _aMadrid :
_bFax,
_c1969.
300 _a190 p. ;
_c19 cm.
700 1 _aBernáldez Montalvo, José María.
_9153063
852 _aES-MaACL
_jC-51052
_bR.70743
999 _c126342
_d126342